000 00525cam a2200205ua 4500
005 20201203104047.0
008 110712n ii |||gr||||Z||||||eng
040 _cMAIN
_aIN-DiNC
041 _deng
082 _a336
100 1 _achoudhury, P. K.,
245 1 _aPublic finance and fiscal policy
_cby P. K. Choudhury
250 _a1st.
260 _aNew Delhi:
_bKalyani Publishers,997.
300 _axv; 572p:
_bill;
_c23cm.
650 _aEconomics
653 _aEconomics
653 _aPublic finance
942 _cBK
_2ddc
999 _c1451
_d1451